Presidents of North Macedonia by Picture - Statistics

General Stats
  • This quiz has been taken 24 times
    10 since last reset
  • The average score is 8 of 22
Answer Stats
Picture Hint Answer % Correct
2024-Present Gordana Siljanovska-Davkova
100%
2019-2024 Stevo Pendarovski
100%
1999-2004 Boris Trajkovski
90%
2004-2009 Branko Crvenkovski
90%
1991-1995 | 1995-1999 Kiro Gligorov
90%
2009-2019 Gjorge Ivanov
80%
1943-1946 Metodija Andonov-Čento
80%
1995 Stojan Andov
20%
1982-1983 Angel Čemerski
10%
1947-1951 Blagoja Fotev
10%
1983-1984 Blagoja Taleski
10%
1946 Dimitar Nestorov
10%
1986-1988 Dragoljub Stavrev
10%
1953-1962 Lazar Koliševski
10%
1962-1963 | 1979-1982 Ljupčo Arsov
10%
2004 Ljupčo Jordanovski
10%
1986 Mateja Matevski
10%
1967-1968 Mito Hadživasilev
10%
1968-1974 Nikola Minčev
10%
1999 Savo Klimovski
10%
1985-1986 Vančo Apostolski
10%
1951-1953 | 1963-1967 | 1974-1979 Vidoe Smilevski
10%
No matching quizzes found
Score Distribution
Percent of People with Each Score
Percentile by Number Answered
Your Score History
You have not taken this quiz since the last reset